| 000 | 00497nam a22001697a 4500 | ||
|---|---|---|---|
| 003 | NUST | ||
| 038 | _aMr. Zahoor | ||
| 082 | _a510 | ||
| 100 |
_aMaqbool, Fatima _917143 |
||
| 245 |
_aNumerical Solutions for Boundary Layer Flow of Power-law Nanofluid _cFatima Maqbool |
||
| 260 |
_aIslamabad : _bSNS - NUST, _c2014. |
||
| 300 |
_a50 p. : ill. ; _c30cm. |
||
| 500 | _aHardcover. | ||
| 650 |
_aMathematics - M.Phil Thesis _916594 |
||
| 700 |
_aDr. Meraj Mustafa Hashmi _916147 |
||
| 942 |
_2ddc _cTHE |
||
| 999 |
_c526171 _d526171 |
||